LEADER 01194nam a2200265 4500 001 000000355474 003 CaOOAMICUS 005 20230926165023.0 008 230926s2004 it 000 u ita r 020 $a88-8073-084-3 040 $aSeMil$bita 100 1 $aPassaro, Errico,$d<1966-2023>.$0(OLS)http://semarc/name/118330 245 10$aPaganesimo e Cristianesimo in Tolkien :$ble due tesi a confronto /$cErrico Passaro, Marco Respinti. 264 1$aFrascati :$bIl Minotauro,$c2004. 300 $a210 p. ;$c22 cm 490 1 $aIdentità e cultura 650 4$aTolkien, John Ronald Reuel <1892-1973> - Opere - Studi.$0(OLS)http://semarc/subject/51414 700 1 $aRespinti, Marco,$d<1964- >.$0(OLS)http://semarc/name/29253 830 0$aIdentità e cultura.$0(OLS)http://semarc/title/445672 850 $aSeMil 852 $aSeMil$W1$xVenegono$y1$m1R II 44$j243542$B246735$CSeMilBibl$Z2$F246735 $81 996 $6020$a88-8073-084-3$9(OLS)http://semarc/number/298935 996 $6245$aPaganesimo e Cristianesimo in Tolkien :$ble due tesi a confronto$9(OLS)http://semarc/title/445671 996 $6264$aFrascati :$bIl Minotauro$9(OLS)http://semarc/publisher/61267 LEADER 01329nam a2200217 i 4500 001 000000187508 003 CaOOAMICUS 005 20100318000000.0 008 100318s1966 it u000 u fre u 013 $a165599 040 $aSeMil$bita 100 1 $aDarricau, Raymond.$0(OLS)http://semarc/name/68755 245 13$aLa formation des professeurs de séminaire au début du 18. siècle :$bd'après un directoire de M. Jean Bonnet (1664 - 1735) supérieur général de la congrégation de la mission /$cRaymond Darricau Attaché au Centre National de la Recherche Scientifique ; Préface par Gabriel Le Bras Doyen honoraire de la Faculté de Droit de Paris Membre de l'Institut. 260 $aPiacenza :$bCollegio Alberoni,$c1966. 300 $aVI, 120 p. ;$c25 cm. 650 4$aSeminari - Formazione.$0(OLS)http://semarc/subject/3050 700 1 $aLe Bras, Gabriel <1891-1970>.$0(OLS)http://semarc/name/7678 850 $aSeMil 852 $aSeMil$W1$xVenegono$y1$m3G III 75$j138195$B138195$CSeMilBibl$Z2$F149650 $81 996 $6245$aLa formation des professeurs de séminaire au début du 18. siècle :$bd'après un directoire de M. Jean Bonnet (1664 - 1735) supérieur général de la congrégation de la mission$9(OLS)http://semarc/title/269763 996 $6260$aPiacenza :$bCollegio Alberoni$9(OLS)http://semarc/publisher/30607